Normal view
MARC view
Entry Personal Name
001 - CONTROL NUMBER
- control field: 13023
003 - CONTROL NUMBER IDENTIFIER
- control field: OSt
005 - DATE AND TIME OF LATEST TRANSACTION
- control field: 20191105161250.0
008 - FIXED-LENGTH DATA ELEMENTS
- fixed length control field: 191105|| aca||aabn | a|a d
040 ## - CATALOGING SOURCE
- Original cataloging agency: OSt
- Transcribing agency: OSt
100 ## - HEADING--PERSONAL NAME
- Personal name: edited by McGregor, Duncan F. M.; Simon, David; Thompson, Donald A.
670 ## - SOURCE DATA FOUND
- Source citation: Work cat.: (OSt)5861: edited by McGregor, Duncan F. M.; Simon, David; Thompson, Donald A., The Peri-urban Interface:, 2006.
